A greek english lexicon

Uloženo v:
Podrobná bibliografie
Hlavní autoři: Liddell, Henry George (Autor), Scott, Robert (Autor)
Médium: Kniha
Jazyk:angličtina
řečtina
Vydáno: Londres Oxford University 1940
Vydání:9a. ed
Témata:
Tagy: Přidat tag
Žádné tagy, Buďte první, kdo vytvoří štítek k tomuto záznamu!

MARC

LEADER 00000nam a2200000 a 4500
001 UCZ6181
003 CL-VaPUC
008 951201e19400000UK |||||||||||||||||eng|d
041 0 7 |a eng  |2 CL-VaPUC 
041 0 7 |a gre  |2 CL-VaPUC 
082 0 4 |a 483  |b LID  |2 21 
100 |a Liddell, Henry George  |e author  |9 353521 
700 0 |a Scott, Robert  |e author  |9 350404 
245 1 2 |a A greek english lexicon 
250 |a 9a. ed 
300 |a 2195 p 
942 |c BK 
945 |d 19951201 00:00:00  |a cmena 
260 |a Londres  |b Oxford University  |c 1940 
650 0 |a Diccionarios  |9 256200 
650 7 |a IDIOMAS  |2 CL-VaPUC  |9 350405 
650 0 |a Glosarios  |9 261047 
650 0 |a Lexicografía  |9 321487 
583 |a last modification  |c 20150625 11:12:38  |k Rodrigo Vera 
999 |c 242431  |d 242429 
952 |0 0  |1 0  |4 0  |6 483_000000000000000_LID_1940  |7 0  |8 X  |9 255388  |a BIBEDU  |b BIBEDU  |d 2019-11-19  |i 1601431  |o 483 LID 1940  |p 1601431  |r 2023-01-13  |w 2019-11-19  |y BK_X  |k FIL 
952 |0 0  |1 0  |4 0  |6 483_000000000000000_LID_1940  |7 0  |8 X  |9 255389  |a BIBEDU  |b BIBEDU  |d 2019-11-19  |i 1464000  |o 483 LID 1940  |p 1464000  |r 2023-01-13  |w 2019-11-19  |y BK_X  |k LIT 
952 |0 0  |1 0  |4 0  |6 483_000000000000000_LID_1940  |7 0  |8 X  |9 255390  |a BIBEDU  |b BIBEDU  |d 2019-11-19  |i 1982362  |l 5  |m 1  |o 483 LID 1940  |p 1982362  |r 2023-01-13  |s 2020-10-12  |w 2019-11-19  |y BK_X  |k LIT